Supremacy of Christ: A Hermeneutical paper on Colossians 1: 15-20 (Record no. 41648)
[ view plain ]
| 000 -LEADER | |
|---|---|
| fixed length control field | 00462nam a22001337a 4500 |
| 005 - DATE AND TIME OF LATEST TRANSACTION | |
| control field | 20180427194058.0 |
| 008 - FIXED-LENGTH DATA ELEMENTS--GENERAL INFORMATION | |
| fixed length control field | 180427b ph||||| |||| 00| 0 eng d |
| 100 ## - MAIN ENTRY--PERSONAL NAME | |
| Personal name | Oleta, Michelle |
| 245 ## - TITLE STATEMENT | |
| Title | Supremacy of Christ: A Hermeneutical paper on Colossians 1: 15-20 |
| Statement of responsibility, etc | Oleta, Michelle |
| 260 ## - PUBLICATION, DISTRIBUTION, ETC. (IMPRINT) | |
| Place of publication, distribution, etc | Valenzuela City: |
| Name of publisher, distributor, etc | BSOP; |
| Date of publication, distribution, etc | 2015. |
| 300 ## - PHYSICAL DESCRIPTION | |
| Extent | 29 leaves: |
| Dimensions | 28 cm. |
| 500 ## - GENERAL NOTE | |
| General note | Thesis (M. Div.) -- Biblical Seminary of the Philippines, March, 2015. |
| 942 ## - ADDED ENTRY ELEMENTS (KOHA) | |
| Source of classification or shelving scheme | Library of Congress Classification |
| Item type | Thesis |
| Withdrawn status | Lost status | Source of classification or shelving scheme | Damaged status | Not for loan | Home library | Current library | Shelving location | Date acquired | Inventory number | Total Checkouts | Barcode | Date last seen | Price effective from | Koha item type |
|---|---|---|---|---|---|---|---|---|---|---|---|---|---|---|
| Library of Congress Classification | BSOP Library | BSOP Library | Thesis | 04/27/2018 | 40365 | 00050155 | 04/27/2018 | 04/27/2018 | Thesis |
